000 00505nam a2200133Ia 4500
008 100328s9999 xx 000 0 und d
082 _b59245
100 _aकुडेकर विदुला.
245 _aनिर्णय 2000 (संमिश्र एकांकिका).
260 _bआभा.
630 _aनिर्णय 2000 (संमिश्र एकांकिका).
730 _aनिर्णय 2000 (संमिश्र एकांकिका).
942 _cBOOK
999 _c545493
_d545490